Tabla periódica de los elementos (Español) - Estadísticas

Estadísticas generales
  • Esta prueba ha sido intentada 5.771 veces
  • La puntuación promedio es 59 de 117
Estadísticas de respuestas
Hint Respuesta % Correcto
H Hidrógeno
98%
He Helio
97%
Li Litio
97%
O Oxígeno
97%
N Nitrógeno
96%
Mg Magnesio
95%
C Carbono
93%
Cl Cloro
92%
Fe Hierro
92%
K Potasio
92%
Al Aluminio
91%
Ca Calcio
91%
Na Sodio
91%
Ag Plata
90%
Zn Zinc
89%
Cu Cobre
88%
P Fósforo
88%
Be Berilio
87%
Au Oro
87%
Si Silicio
87%
B Boro
86%
Br Bromo
86%
Cr Cromo
86%
F Flúor
85%
Mn Manganeso
83%
Ni Niquel
83%
Ar Argón
82%
Co Cobalto
82%
Ne Neón
82%
I Yodo
82%
Xe Xenón
78%
Ga Galio
76%
Kr Criptón
74%
Rb Rubidio
74%
Se Selenio
74%
Ti Titanio
74%
As Arsénico
72%
Ba Bario
72%
Ge Germanio
70%
Pb Plomo
68%
Hg Mercurio
67%
Fr Francio
66%
Cd Cadmio
65%
Cs Cesio
65%
Sr Estroncio
65%
Ra Radio
63%
U Uranio
62%
Sn Estaño
61%
In Indio
61%
V Vanadio
59%
Pt Platino
57%
Sc Escandio
55%
Pd Paladio
55%
Mo Molibdeno
54%
Po Polonio
54%
Zr Circonio
52%
Rn Radón
52%
Bi Bismuto
50%
Os Osmio
50%
Pu Plutonio
50%
Ir Iridio
48%
Sb Antimonio
46%
Tl Tálio
46%
W Volframio
46%
Tc Tecnecio
43%
Y Itrio
42%
Rh Rodio
42%
At Astato
41%
La Lantano
41%
Ru Rutenio
39%
Nb Niobio
38%
Ac Actinio
36%
Am Americio
36%
Eu Europio
36%
Np Neptunio
36%
Re Renio
33%
Ta Tantalio
33%
Ce Cerio
32%
Te Teluro
32%
Es Einstenio
30%
Hf Hafnio
29%
Cf Californio
25%
Er Erbio
25%
Lu Lutecio
25%
Rf Rutherfordio
25%
Nd Neodimio
24%
No Nobelio
24%
Cm Curio
22%
Lr Laurencio
22%
Sm Samario
21%
Tb Terbio
21%
Th Torio
21%
Fm Fermio
20%
Ho Holmio
20%
Yb Iterbio
20%
Md Mendelevio
19%
Pr Praseodimio
19%
Tm Tulio
19%
Gd Gadolinio
17%
Dy Disprosio
16%
Bh Bohrio
15%
Bk Berquelio
14%
Db Dubnio
14%
Hs Hassio
14%
Sg Seaborgio
14%
Uuo Ununoctio
11%
Cn Copernicio
10%
Uup Ununpentio
10%
Uus Ununseptio
10%
Fl Flerovio
9%
Mt Meitnerio
9%
Rg Roentgenio
9%
Uut Ununtrio
9%
Pm Promecio
7%
Pa Protoactinio
6%
Ds Darmstadtio
4%
Lv Levornio
3%
No se encontraron pruebas coincidentes
Distribución de puntuación
Porcentaje de gente con cada puntuación
Porcentaje por número respondido
Historial de tus puntuaciones
No has intentado esta prueba.